000 00439nam a2200181Ia 4500
003 GCL
008 140319s9999 xx 000 0 eng d
040 _aGCL /
_cGCL
082 0 4 _a843
_bA B
100 1 _aAYME, MARCEL
245 1 0 _aLA BELLE IMAGE /
_cAYME, MARCEL
260 _a[S.N] :
_bFOLIO ،
_c1990
300 _a280 P
490 _aCOLLECTION FOLIO
_v0
650 0 4 _aLITERATURE
650 0 4 _aFRENCH LITERATURE
942 _2ddc
_cBK
999 _c21829
_d21829